000 00458nam a2200181Ia 4500
008 090124s9999 xx 000 0 und d
082 _b14636
100 _aआपटे हरि नारायण
245 _a मी
250 _a0
260 _c1965
300 _a458
600 _aआपटे हरि नारायण
630 _a मी
700 _aआपटे हरि नारायण
730 _a मी
942 _cBOOK
999 _c107030
_d107030